LEADER 00899nam a2200217 i 4500 001 000000121602 003 CaOOAMICUS 005 20031230000000.0 008 031230s1958 it u000 u ita u 013 $a94297 040 $aSeMil$bita 100 1 $aOlgiati, Luigi <1921->.$0(OLS)http://semarc/name/15373 245 12$aL'apostolo San Pietro, pescatore d'uomini :$bmeditazioni per giovani /$cLuigi Olgiati. 260 $aBologna :$bNigrizia,$cstampa 1958. 300 $a102 p. ;$c15 cm. 600 04$aPietro .$0(OLS)http://semarc/subject/1127 850 $aSeMil 852 $aSeMil$W1$xVenegono$y1$m524 10 *$j76668$B76668$CSeMilBibl$Z2$F78261 $81 961 $aAcquisto: Di Mano in Mano 996 $6245$aL'apostolo San Pietro, pescatore d'uomini :$bmeditazioni per giovani$9(OLS)http://semarc/title/179043 996 $6260$aBologna :$bNigrizia$9(OLS)http://semarc/publisher/31936 LEADER 00550naa a2200145 i 4500 001 000000303360 003 CaOOAMICUS 005 20180831172758.0 008 180831n xx u000 u und u 013 $a11141 040 $aSeMil$bita 100 1 $aColombo, Giuseppe,$c.$0(OLS)http://semarc/name/376 245 10$aIntroduzione al convegno. 773 0 $aAmbrosio, Gianni $tCaso Europa.$dMilano : Glossa, copyr. 1991.$kDisputatio $z88-7105-012-6$w()38320 996 $6245$aIntroduzione al convegno$9(OLS)http://semarc/title/379330